Ιστορία των Ιονίων νήσων : αρχομένη τω 1797 και λήγουσα τω 1815 ; μετά προεισαγωγής εν η εκτίθενται αι προηγούμεναι τύχαι αυτών
Αποθηκεύτηκε σε:
| Κύριος συγγραφέας: | |
|---|---|
| Μορφή: | Βιβλίο |
| Γλώσσα: | Greek |
| Δημοσίευση: |
Εν Αθήναις :
Τυπογραφείον "Παλιγγενεσία",
1889.
|
| Θέματα: | |
| Ετικέτες: |
Προσθήκη ετικέτας
Δεν υπάρχουν, Καταχωρήστε ετικέτα πρώτοι!
|
MARC
| LEADER | 00000cam a2200000 i 4500 | ||
|---|---|---|---|
| 001 | 1/62347 | ||
| 008 | 141219m1889 gr | ||| |||| ||gre|| | ||
| 035 | |l 10120213 | ||
| 040 | |a GR-MyUA |b gre |e AACR2 | ||
| 041 | 0 | |a gre | |
| 082 | 7 | |a 938.495 |2 (23) | |
| 100 | 1 | |a Μαυρογιάννης, Γεράσιμος Ε., |d 1823-1906. | |
| 245 | 1 | 0 | |a Ιστορία των Ιονίων νήσων : |b αρχομένη τω 1797 και λήγουσα τω 1815 ; μετά προεισαγωγής εν η εκτίθενται αι προηγούμεναι τύχαι αυτών / |c υπό Γερασίμου Ε. Μαυρογιάννη. |
| 260 | |a Εν Αθήναις : |b Τυπογραφείον "Παλιγγενεσία", |c 1889. | ||
| 300 | |a 2τ σε 1 (δ', 474 [1] σ., 321 σ.) : |b 1 αναδιπλ. χάρτης ; |c 23 εκ. | ||
| 500 | |a Στο verso υπάρχει ετικέτα "Πόνος και επιμέλεια του διευθυντού τη Πορφυριάδι Σχολή 1898-1899." Στο recto υπάρχει σφραγίδα "Πορφυριάς Αστικής Σχολής Καρλοβασίων" με αρ. 1221. | ||
| 651 | 0 | |a Ionian Islands (Greece) |x History |y 1797-1815. | |
| 852 | |a INST |b SAMOS |c PORFYRIADA |e 20141219 |h 938.495 ΜΑΥ |p 005300041028 |q 005300041028 |t NOLOAN |y 23 | ||
| 901 | |a BIBL3-2014-3 | ||
| 909 | |a Σ |b 185635 | ||
| 970 | |a ΚΟΣΙΕΡΗΣ |b ΧΡΗΣΤΟΣ |z 2014/12/19 | ||